Game of Thrones Characters Most Lines by Location - Statistics

General Stats
  • This quiz has been taken 215 times
  • The average score is 25 of 30
Answer Stats
Hint Answer % Correct
King's Landing 709 Cersei Lannister
99%
Winterfell 55 Ned Stark
99%
Winterfell 97 Sansa Stark
99%
King's Landing 281 Sansa Stark
99%
King's Landing 779 Tyrion Lannister
99%
Essos 217 Tyrion Lannister
99%
Essos 651 Daenerys Targaryen
98%
Winterfell 123 Bran Stark
96%
Winterfell 61 Robb Stark
96%
Essos 99 Arya Stark
95%
Winterfell 58 Catelyn Stark
94%
Essos 361 Jorah Mormont
94%
King's Landing 252 Tywin Lannister
94%
King's Landing 241 Varys
92%
King's Landing 230 Jaime Lannister
89%
King's Landing 231 Petyr Baelish
88%
Essos 134 Missandei
86%
Winterfell 209 Theon Greyjoy
86%
Essos 61 Greyworm
81%
King's Landing 233 Joffrey Baratheon
80%
King's Landing 259 Ned Stark
80%
Winterfell 78 Ramsay Bolton
80%
Essos 129 Daario Naharis
74%
King's Landing 192 Margaery Tyrell
69%
Essos 88 Barristan Selmy
68%
Winterfell 87 Maester Luwin
68%
Winterfell 40 Roose Bolton
68%
Winterfell 72 Osha
55%
Essos 70 Viserys Targaryen
54%
Essos 66 Hizdahr zo Loraq
25%
No matching quizzes found
Score Distribution
Percent of People with Each Score
Percentile by Number Answered
Your Score History
You have not taken this quiz